The collonial mind, 1620 - 1800
Сохранить в:
| Главный автор: | |
|---|---|
| Формат: | |
| Язык: | Undetermined |
| Опубликовано: |
London
A harvest book
1954
|
| Предметы: | |
| Метки: |
Добавить метку
Нет меток, Требуется 1-ая метка записи!
|
| Thư viện lưu trữ: | Trung tâm Học liệu Trường Đại học Cần Thơ |
|---|
| LEADER | 00546nam a2200193Ia 4500 | ||
|---|---|---|---|
| 001 | CTU_90094 | ||
| 008 | 210402s9999 xx 000 0 und d | ||
| 082 | |a 810.9 | ||
| 082 | |b P261 | ||
| 100 | |a Parrington, Vernon Louis | ||
| 245 | 4 | |a The collonial mind, 1620 - 1800 | |
| 245 | 0 | |c Vernon Louis Parrington | |
| 260 | |a London | ||
| 260 | |b A harvest book | ||
| 260 | |c 1954 | ||
| 650 | |a American literature | ||
| 650 | |y Colonial period, ca. 1600-1775 | ||
| 904 | |i Vương,Hải | ||
| 980 | |a Trung tâm Học liệu Trường Đại học Cần Thơ | ||